[Event "Open A"]
[Site "Groningen NED"]
[Date "2009.12.24"]
[Round "4"]
[White "Heemskerk,W"]
[Black "Van der Wiel,J"]
[Result "1/2-1/2"]
[WhiteElo "2236"]
[BlackElo "2475"]
[EventDate "2009.12.21"]

1. Nf3 d5 2. g3 c6 3. Bg2 Bg4 4. d3 Nd7 5. c4 dxc4 6. dxc4 Bxf3 7. Bxf3 Ne5
8. Qb3 Nxf3+ 9. Qxf3 g6 10. Bd2 Bg7 11. Bc3 Nf6 12. Nd2 O-O 13. O-O Qd7 14.
Nb3 Rfd8 15. Nc5 Qc7 16. Rad1 Ne8 17. Ne4 Bxc3 18. Qxc3 Ng7 19. Ng5 f6
1/2-1/2